000
00298 a2200109 4500
001
ART_52743
005
20260410162046.0
008
260409a
245
1
0
_a
Aporte solidario extraordinario
100
1
_a
Vega, Gerardo E.
773
0
_t
Impuestos
_g
- N°100 (mayo 2021)
_w
REV45175
999
_c
35392
_d
35392